00219nam a2200097Ia 4500008004100000041001200041100001400053245004200067260000600109650000600115221030s9999 xx 000 0 und d aEnglish aR. Jindal 0aData Structures Using Ccby R. Jindal c0 aB